000 01042nam a2200313 i 4500
001 000022573
003 DO-SdBNP
005 20260202095302.0
006 a||||er|||| 00| 0
007 ta
008 101013e1994 dr 001 0 spa d
040 _aDO-SdBNP
_bspa
_cBNPHU
_erda
082 4 _a248
_bS127s
_222
100 1 _a Sáez , José Luis
_d1937-
_eautor
_9620
245 1 3 _aLa soledad sonora :
_bapuntes para un curso de espiritualidad /
_cJosé Luis Sáez, S.J. ; presentación, Luis Rosario.
264 1 _aSanto Domingo :
_bCasa de la Juventud,
_c1994.
300 _a89 páginas ;
_c21 cm.
336 _2rdacontent
_atexto
_btxt
337 _2rdamedia
_asin mediación
_bn
338 _2rdacarrier
_avolumen
_bnc
504 _aBibliografía : páginas 85-89.
590 _aInventariado, 2024 / MF
650 0 _aVida espiritual
_9268
650 0 _aEspiritualidad
_9613
650 4 _aFormación espiritual
_96471
700 2 _aRosario, Luis,
_9427
_epresentación
910 _aValidado. Control de calidad. EMS
942 _2ddc
_cLBS1
999 _c22070
_d22070